000 00271nam a2200085Ia 4500
008 220120s9999||||xx |||||||||||||| ||und||
100 _aNAMRATHA B
_912175
245 0 _aCitizen id using smart card and microcontroller
260 _aCoorg Institute of Technology
_bPonnampet
_c2009
999 _c137761
_d137761